000 00626nam a22002177a 4500
003 UA-OsUOA
001 50321
007 ta
008 20140603b un ||||| |||| 00| 0 ukr d
090 _a082/930.1
_bС38
942 _cBK
040 _aUA-OsUOA
_bukr
_cUA-OsUOA
_dUA-OsUOA
245 _aСин України: Володимир Боніфатійович Антонович
_bУ 3-х томах
_cТ. 2
300 _a448 с.; іл. с.
955 _a1
041 _aukr
080 _a082/930.1
260 _aК.
_bЗаповіт
_c1997
650 7 _a08 Видання. Колективні праці
_2UDC
999 _c430446
_d430446